000 00717cam a2200265 4500500
005 20260329003819.0
041 _afre
042 _adc
100 1 0 _aEnjalbert, Cédric
_eauthor
245 0 0 _aLe don du visible
260 _c2017.
500 _a80
690 _aInvisible
690 _aJacques Darriulat
690 _aLumière
690 _aPeinture
690 _aPrésence
690 _aRaphaël Enthoven
690 _aRegard
690 _aSpectateur
690 _aVermeer
690 _aVisible
786 0 _nPhilosophie magazine | 107 | 3 | 2017-03-01 | p. 64-64 | 1951-1787
856 4 1 _uhttps://shs.cairn.info/magazine-philosophie-magazine-2017-3-page-64?lang=fr&redirect-ssocas=7080
999 _c1827929
_d1827929